000
00370nam a2200133Ia 4500
008
100328s9999 xx 000 0 und d
082
_b
10269
100
_a
आपटे ह.ना.
245
_a
तीन महासने
260
_b
आर्यभूषण
630
_a
तीन महासने
730
_a
तीन महासने
942
_c
BOOK
999
_c
505787
_d
505784